000 00986nam a22003257a 4500
003 CHAP
005 20220919135246.0
008 971013s1982 r 00010 d
010 _a22288
011 _a23260
035 _a27356
040 _cCHAP
082 _a023.5
_bC6
100 0 0 _aColl-Vinent, Roberto.
_925197
245 _aProfesionales de la documentación
260 _aBarcelona :
_bA.T.E.,
_c1982
300 _a240 p.
490 _aTextos de informática y documentación
590 _aBATCH-UPD
_b10
_c20130110
590 _aBATCH-UPD
_b10
_c20130410
590 _aBATCH-UPD
_b10
_c20130914
590 _aCONVERSION
_b10
_c20130109
650 1 4 _aBibliotecarios.
_912484
650 1 4 _aDocumentación.
_933172
830 0 _aTextos de informática y documentación
_9112573
901 _aBK
942 _cLIBRO
_2ddc
949 _a023.5 C6
_bBC
_cB
_d-63510
_eB
_h59752
_i27356
_si
_t156.00
949 _a023.5 C6
_bBC
_cB
_d33724000847471
_eB
_fc.2
_gDonaciØn
_h36920
_i27356
_sb
999 _c22288
_d22288